LEADER 01733nam1 2200325 i 450 001 BVEE062638 005 20170908093232.0 100 $a20120627d1788 ||||0itac50 ba 101 | $aita 102 $ait 181 1$6z01$ai $bxxxe 182 1$6z01$an 200 1 $aAnnotazioni pacifiche di un parroco cattolico a monsignor vescovo di Pistoja e Prato sopra la sua lettera pastorale de' 5 ottobre 1787 al clero, e popolo della città e diocesi di Prato 205 $aEdizione quarta rivista, e accresciuta dall'autore, con la stessa pastorale in fine 210 $dLi 5 Marzo 1788 215 $a2 v.$d8º 300 $aPer il nome dell'A. Giovanni Marchetti, cfr. G. Melzi. Anonime e pseudonime, vol.1 p.61. 463 1$1001BVEE062639$12000 $a[1]$v1 463 1$1001BVEE062640$12001 $a˜[2]: œLettera pastorale di monsignor vescovo di Pistoja e Prato al clero e popolo della città e diocesi di Prato stampata in Pistoja con data del 1787. Per Atto Bracali stampator vescovile con approvazione$v2 700 1$aMarchetti$b, Giovanni$f <1753-1829>$3RAVV107591$4070$026350 712 02$asenza nome$3BVEV036975$4650 790 1$aTerreni$b, Fermino$3PARV330873$zMarchetti, Giovanni <1753-1829> 801 3$aIT$bIT-NA0079$c20120627 850 $aIT-NA0079 912 $aBVEE062638 950 1$aBiblioteca Nazionale Vittorio Emanuele III$bpt. 1-2.$cpt. 1-2.$d BNAOSTA S.G. 8. 61$bv. 2$c1 v. misc.$d BNV.F. 4 D 63 967 $m1 977 $a BN 996 $aAnnotazioni pacifiche di un parroco cattolico a monsignor vescovo di Pistoja e Prato sopra la sua lettera pastorale de' 5 ottobre 1787 al clero, e popolo della città e diocesi di Prato$91482465 997 $aUNISANNIO LEADER 01507nam a2200277 i 4500 001 991003904679707536 005 20020509134128.0 008 000426s1969 ne ||| | lat 035 $ab11232225-39ule_inst 035 $aPARLA190917$9ExL 040 $aDip.to Filosofia$bita 100 1 $aErasmus : Roterodamus$0437067 245 10$aOpera omnia Desiderii Erasmi Roterodami :$brecognita et adnotatione critica instructa notisque illustrata :$bordinis quinti 260 $aAmsterdam :$bNorth-Holland,$c1969- 300 $av ;$c26 cm. 500 $aindice: 5.1 ; 5.2 ; 5.3 ; 5.4 ; 5.5. 907 $a.b11232225$b21-09-06$c01-07-02 912 $a991003904679707536 945 $aLE005 189 ERA01. 01 v. 5. t. 5$cv. 5, t. 5$g1$i2005000065347$lle005$o-$pE0.00$q-$rl$s- $t0$u0$v0$w0$x0$y.i11388195$z01-07-02 945 $aLE005 189 ERA01. 01 v. 5. t. 4$cv. 5, t. 4$g1$i2005000065354$lle005$o-$pE0.00$q-$rl$s- $t0$u0$v0$w0$x0$y.i11388201$z01-07-02 945 $aLE005 189 ERA01. 01 v. 5. t. 3$cv. 5, t. 3$g1$i2005000065361$lle005$o-$pE0.00$q-$rl$s- $t0$u0$v0$w0$x0$y.i11388213$z01-07-02 945 $aLE005 189 ERA01. 01 v. 5. t. 2$cv. 5, t. 2$g1$i2005000065378$lle005$o-$pE0.00$q-$rl$s- $t0$u0$v0$w0$x0$y.i11388225$z01-07-02 945 $aLE005 189 ERA01. 01 v. 5. t. 1$cv. 5, t. 1$g1$i2005000065385$lle005$o-$pE0.00$q-$rl$s- $t0$u0$v0$w0$x0$y.i11388237$z01-07-02 996 $aOpera omnia Desiderii Erasmi Roterodami$9867162 997 $aUNISALENTO 998 $ale005$b01-01-00$cm$da $e-$flat$gne $h0$i5